000 00761nam a2200229Ia 4500
005 20250108125056.0
008 008 250107s9999 xx 000 0 hin d
020 _a978-81-7016-933-8
037 _aTB
040 _aCRL
_bhin
_cCRL
041 _ahin
_2hin
084 _aV2y7N16 152R2
084 _qCRL
100 _aहोता, अरूण, संपा.
245 0 _aअपनी भाषा की लोक - यात्रा
_cहोता, अरूण, संपा.
260 _aकोलकाता, भारत
_bआनन्द प्रकाशन
_c3222
300 _a296पृ0
365 _aINR
_b650
650 _aहिन्दी भाषा
942 _cTB
_hV2y7N16 152R2
999 _c1235610
_d1235610